LDR 00926naa#a2200169#i#450# 001 RU\\bibl\117552 005 20260501184459.5 011 ## _a2312-7937 100 ## _a20260401b2026####ek#y0rusy0150####ca 102 ## _aRU 200 1# _aПротиводействие организованной преступности общеуголовной направленности: проблемы и пути их решения _eЖурнальная статья 210 1# _aДомодедово _cВсероссийский институт повышения квалификации сотрудников Министерства внутренних дел Российской Федерации _d2026 215 ## _a4 с. 608 ## _aЖурнальная статья _2local 675 ## _aПраво. Юридические науки. 34 _z 700 #1 _aКаунов _gАлександр Владимирович 856 4# _avipkmvd.editorum.ru _u